000 00694npc a2200241Ia 4500
001 dg49-2568 [d000002703]
003 IT-MiCISF
008 161014s9999||||xx | und||
040 _aIT-MiCISF
_cIT-MiCISF
041 _aen
100 _aVranova Zuzana
240 _aThe UN and the Family (Osn a rodina)
245 4 _aThe UN and the Family (Osn a rodina)
250 _a1a ed.
260 _bThe Bratislava International Centre for Family Studies
_c1995
300 _app. 85
500 _a / famiglia, aif, società, situazione-demografica /
650 _afamiglia
700 _aFiladelfiova Jarmila
700 _aGuran Peter
942 _cDD
957 _71
999 _a2568
_bsi
_g1
_c207447
_d207447